[Event "Madurai Athens of the East op-C 1st"]
[Site "Madurai"]
[Date "2019.08.15"]
[Round "4"]
[White "Alekhya, B."]
[Black "Sanjib, Mali"]
[Result "1/2-1/2"]
[WhiteElo "1566"]
[BlackElo "1422"]
[PlyCount "117"]
[EventDate "2019.08.14"]
[EventType "swiss"]
[EventRounds "10"]
[EventCountry "IND"]
[SourceTitle "EXT 2022"]
[Source "ChessBase"]
[SourceDate "2021.10.06"]
[SourceVersion "1"]
[SourceVersionDate "2021.10.06"]
[SourceQuality "1"]

1. e4 e6 2. d4 d5 3. Nd2 dxe4 4. Nxe4 Nd7 5. Bd3 Ngf6 6. Nxf6+ Nxf6 7. Nf3 Bd6 8. 0-0 h6 9. Re1 0-0 10. h3 b6 11. Ne5 Bb7 12. c3 c5 13. Be3 Qc7 14. Ng4 Qe7 15. Bb1 Nxg4 16. Qxg4 cxd4 17. Bxd4 Qg5 18. Qxg5 hxg5 19. Bc2 Rac8 20. Rad1 Rfd8 21. a4 Bb8 22. Bb3 Bd5 23. Bxd5 Rxd5 24. Be3 Rcd8 25. Ra1 f6 26. c4 Rd3 27. a5 Rb3 28. axb6 axb6 29. Red1 Rxd1+ 30. Rxd1 Be5 31. Rb1 Kf7 32. Kf1 Ke8 33. Ke2 Kd7 34. Kd2 Rxb2+ 35. Rxb2 Bxb2 36. Bxb6 Be5 37. Kd3 Kc6 38. Be3 Bd6 39. g4 e5 40. f3 Bc5 41. Bd2 g6 42. Ke4 Ba3 43. Be3 Kd6 44. Kd3 Bc5 45. Bc1 Ke6 46. Bd2 Be7 47. Be3 f5 48. Bd2 Kd6 49. Bb4+ Kd7 50. Bc3 Bf6 51. Be1 Kc6 52. Bf2 Be7 53. Be3 Kd6 54. Bf2 Kc6 55. Be3 Bd8 56. Kc3 Be7 57. Kd3 Kd6 58. Bf2 Ke6 59. Be3 1/2-1/2

[Event "New Delhi Parsvnath op-C 16th"]
[Site "New Delhi"]
[Date "2018.01.16"]
[Round "9"]
[White "Sanjib, Mali"]
[Black "Bajpai, Anil"]
[Result "1-0"]
[WhiteElo "1553"]
[BlackElo "1484"]
[PlyCount "131"]
[EventDate "2018.01.09"]
[EventType "swiss"]
[EventRounds "10"]
[EventCountry "IND"]
[SourceTitle "CBM 182 Extra"]
[Source "ChessBase"]
[SourceDate "2018.02.23"]
[SourceVersion "1"]
[SourceVersionDate "2018.02.23"]
[SourceQuality "1"]

1. Nf3 d6 2. b3 e5 3. Bb2 Nf6 4. e3 Be7 5. d3 0-0 6. c4 Bg4 7. Be2 Nbd7 8. Nc3 c6 9. d4 Re8 10. 0-0 Qc7 11. Rc1 Rac8 12. a3 h6 13. b4 Bf8 14. dxe5 dxe5 15. e4 Rcd8 16. Qc2 a5 17. c5 Nh7 18. h3 Bxf3 19. Bxf3 Ng5 20. Be2 Ne6 21. Nd1 Nd4 22. Bxd4 exd4 23. f4 axb4 24. axb4 b5 25. e5 g6 26. Nf2 Bg7 27. Bd3 g5 28. g3 Nf8 29. Ne4 gxf4 30. gxf4 Re6 31. Nd6 f6 32. Qb3 Kh8 33. Bf5 Re7 34. e6 Rxd6 35. cxd6 Qxd6 36. Rce1 c5 37. bxc5 Qxc5 38. Qd3 Qc4 39. Qxc4 bxc4 40. Re4 Nxe6 41. Rxe6 Rxe6 42. Bxe6 c3 43. Bf5 Bf8 44. Kg2 Bd6 45. Kf3 Kg7 46. Ke4 Bc5 47. Kd5 Ba3 48. Kxd4 Bb2 49. Kd5 Kf7 50. Re1 h5 51. Kd6 Ba3+ 52. Kd7 h4 53. Rg1 Bc5 54. Rg6 Be3 55. Rh6 Bxf4 56. Rh7+ Kg8 57. Rxh4 Be5 58. Rh7 Bd4 59. h4 Be5 60. h5 Bd4 61. Ke8 Bc5 62. Rf7 Bd4 63. h6 Bc5 64. Rg7+ Kh8 65. Kf7 Be3 66. Rg8# 1-0